书目信息 |
| 题名: |
中国哲学史大纲
|
|
| 作者: | 胡适 著 | |
| 分册: | ||
| 出版信息: | 北京 中国书籍出版社 2016 |
|
| 页数: | 294页 | |
| 开本: | 23cm | |
| 丛书名: | 中国近现代文化思想学术文丛 | |
| 单 册: | ||
| 中图分类: | B21 | |
| 科图分类: | ||
| 主题词: | 古代哲学--gu dai zhe xue--哲学史--中国 | |
| 电子资源: | ||
| ISBN: | 978-7-5068-5304-0 | |
| 000 | 00952nam0 22002651 450 | |
| 001 | 0118172348 | |
| 005 | 20170618172348.0 | |
| 010 | @a978-7-5068-5304-0@b精装@dCNY38.00 | |
| 100 | @a20160331d2016 em y0chiy50 ea | |
| 101 | 0 | @achi |
| 102 | @aCN@b110000 | |
| 105 | @ay z 000yy | |
| 106 | @ar | |
| 200 | 1 | @a中国哲学史大纲@Azhong guo zhe xue shi da gang@f胡适著 |
| 210 | @a北京@c中国书籍出版社@d2016 | |
| 215 | @a294页@d23cm | |
| 225 | 2 | @a中国近现代文化思想学术文丛@Azhong guo jin xian dai wen hua si xiang xue shu wen cong |
| 330 | @a本书共12篇,重点论述了《周易》、老子、孔子、墨子等人或流派的哲学思想,阐释了中国哲学史上的的天人关系、人性论、人生问题、知识论等问题。 | |
| 461 | 0 | @12001 @a中国近现代文化思想学术文丛 |
| 500 | 10 | @a中国哲学史大纲 |
| 606 | 0 | @a古代哲学@Agu dai zhe xue@x哲学史@y中国 |
| 690 | @aB21@v5 | |
| 701 | 0 | @a胡适@Ahu shi@f(1891~1962)@4著 |
| 801 | 0 | @aCN@bTANGWEI@c20170615 |
| 905 | @b1009575-80@dB21@e174@f6 | |
| 中国哲学史大纲/胡适著.-北京:中国书籍出版社,2016 |
| 294页;23cm.-(中国近现代文化思想学术文丛) |
| ISBN 978-7-5068-5304-0(精装):CNY38.00 |
| 本书共12篇,重点论述了《周易》、老子、孔子、墨子等人或流派的哲学思想,阐释了中国哲学史上的的天人关系、人性论、人生问题、知识论等问题。 |
| ● |
| 相关链接 |
|
|
|
|
正题名:中国哲学史大纲
索取号:B21/174
 
预约/预借
| 序号 | 登录号 | 条形码 | 馆藏地/架位号 | 状态 | 备注 |
| 1 | 1009575 | 210095751 | 第一样本阅览室/ [索取号:B21/174] | 在馆 | |
| 2 | 1009576 | 210095760 | 教育系资料室/ [索取号:B21/174] | 在馆 | |
| 3 | 1009577 | 210095779 | 教育系资料室/ [索取号:B21/174] | 在馆 | |
| 4 | 1009578 | 210095788 | 教育系资料室/ [索取号:B21/174] | 在馆 | |
| 5 | 1009579 | 210095797 | 第一借阅区/ [索取号:B21/174] | 在馆 | |
| 6 | 1009580 | 210095804 | 第一借阅区/ [索取号:B21/174] | 在馆 |